Focus : Jules Verne (QCM) - Statistiques

Statistiques générales
  • Ce quiz a été pris 39 fois
    10 depuis la dernière actualisation
  • Le résultat moyen est 8 sur 12
Statistiques - réponses
Question Réponse % Correct
Quel personnage est un reporter russe dans un roman éponyme ? Michel Strogoff
100%
Comment s’appelle le capitaine du sous-marin le Nautilus dans "Vingt mille lieues sous les mers" ? Nemo
89%
Qui est le héros principal du "Tour du monde en 80 jours" ? Phileas Fogg
89%
Comment s'appelle la série globale regroupant la plupart de ses romans ? Voyages extraordinaires
89%
Quelle proposition désigne le titre d’un roman de Jules Verne ? De la Terre à la Lune
78%
À quel siècle a-t-il principalement vécu ? XIXe
78%
Dans "Voyage au centre de la Terre", par quel volcan sortent-ils à la fin ? Stromboli
67%
Quelle ville a-t-il choisie pour vivre la majeure partie de sa vie adulte ? Amiens
56%
Quel son lien avec le théâtre avant ses romans ? Auteur de pièces
56%
Quel roman n’est pas de lui ? Le Cœur de la Terre
56%
Dans "Les Enfants du capitaine Grant", quelle quête motive le voyage ? Retrouver un naufragé
56%
Quel est le nom de son dernier roman ? L'Invasion de la mer
11%
Aucun quiz correspondant
Distribution des résultats
% des personnes avec chaque résultat
Percentile par nombre de réponses
Votre historique - résultats
Vous n’avez pas pris ce quiz depuis la dernière actualisation